Моделирование методом молекулярной динамики: электронный курс

Podrobná bibliografie
Hlavní autor: Чистякова Н. В. Надежда Владимировна
Korporativní autor: Национальный исследовательский Томский политехнический университет (ТПУ) Физико-технический институт (ФТИ) Кафедра общей физики (ОФ)
Shrnutí:Заглавие с экрана
Аннотация: В курсе "Моделирование методом молекулярной динамики" рассматриваются вопросы моделирования строения вещества на атомарном уровне, а также моделированию микромеханизмов процессов в веществе. Описаны различные методики и подходы к моделированию. Даны основные положения теории упругости, предложены алгоритмы программ для реализации расчетов упругих свойств вещества методом молекулярной динамики. Особое внимание уделяется теории строения вещества, описанию взаимодействия атомов между собой, связи этих параметров с упругими свойства вещества, которые традиционно описываются с помощью континуального подхода, не учитывающего атомарного строения вещества. Полученные знания помогут решать задачи в различных областях физики твердого тела и материаловедения.
Доступ по логину и паролю
Jazyk:ruština
Vydáno: Томск, TPU Moodle, 2016
Témata:
On-line přístup:http://design.lms.tpu.ru/course/view.php?id=876
Médium: MixedMaterials Elektronický zdroj Kniha
KOHA link:https://koha.lib.tpu.ru/cgi-bin/koha/opac-detail.pl?biblionumber=652082

MARC

LEADER 00000nlm0a2200000 4500
001 652082
005 20231228155034.0
035 |a (RuTPU)RU\TPU\network\17345 
035 |a RU\TPU\network\17344 
090 |a 652082 
100 |a 20161201d2016 m y0rusy50 ca 
101 0 |a rus 
102 |a RU 
105 |a a j 000zy 
135 |a jrcn ---uucaa 
181 0 |a i  
182 0 |a b 
200 1 |a Моделирование методом молекулярной динамики  |e электронный курс  |f Н. В. Чистякова  |g Национальный исследовательский Томский политехнический университет (ТПУ), Физико-технический институт (ФТИ), Кафедра общей физики (ОФ) 
203 |a Текст  |c электронный 
210 |a Томск  |c TPU Moodle  |d 2016 
300 |a Заглавие с экрана 
330 |a Аннотация: В курсе "Моделирование методом молекулярной динамики" рассматриваются вопросы моделирования строения вещества на атомарном уровне, а также моделированию микромеханизмов процессов в веществе. Описаны различные методики и подходы к моделированию. Даны основные положения теории упругости, предложены алгоритмы программ для реализации расчетов упругих свойств вещества методом молекулярной динамики. Особое внимание уделяется теории строения вещества, описанию взаимодействия атомов между собой, связи этих параметров с упругими свойства вещества, которые традиционно описываются с помощью континуального подхода, не учитывающего атомарного строения вещества. Полученные знания помогут решать задачи в различных областях физики твердого тела и материаловедения. 
333 |a Доступ по логину и паролю 
606 1 |a Молекулярная динамика  |2 stltpush  |3 (RuTPU)RU\TPU\subj\72549  |9 86019 
610 1 |a электронный ресурс 
610 1 |a труды учёных ТПУ 
610 1 |a электронное обучение 
610 1 |a электронные курсы ТПУ 
610 1 |a моделирование 
610 1 |a программы 
610 1 |a теория упругости 
610 1 |a тензоры 
610 1 |a упругость 
610 1 |a электронные учебные пособия 
610 1 |a учебные пособия 
675 |a 539.19(075.8)  |v 3 
700 1 |a Чистякова  |b Н. В.  |c физик  |c доцент Томского политехнического университета, кандидат физико-математических наук  |f 1982-  |g Надежда Владимировна  |3 (RuTPU)RU\TPU\pers\25596  |9 11525 
712 0 2 |a Национальный исследовательский Томский политехнический университет (ТПУ)  |b Физико-технический институт (ФТИ)  |b Кафедра общей физики (ОФ)  |3 (RuTPU)RU\TPU\col\18734 
801 2 |a RU  |b 63413507  |c 20170116  |g RCR 
856 4 |u http://design.lms.tpu.ru/course/view.php?id=876 
942 |c CF